[Event "11th Mikhail Chigorin Memorial"]
[Site "Sochi URS"]
[Date "1976.??.??"]
[Round "4"]
[White "Pokojowczyk, Jerzy"]
[Black "Kuzmin, Gennady"]
[WhiteElo "2335"]
[BlackElo "2215"]
[Result "0-1"]
[EventDate "1976.08.28"]
[PlyCount "49"]

1. e4 c5 2. Nf3 e6 3. d4 cxd4 4. Nxd4 Nc6 5. Nb5 d6 6. c4 Nf6 7. N1c3 a6 8. Na3 Be7 9. Be2 O-O 10. O-O b6 11. Be3 Bb7 12. Qb3 Nd7 13. Rac1 Nc5 14. Qc2 Bf6 15. Rfd1 Qe7 16. Nab1 Nb4 17. Qd2 Rfd8 18. Qe1 d5 19. exd5 exd5 20. cxd5 Nxd5 21. Nxd5 Bxd5 22. Qb4 Bg5 23. Bxg5 Qxg5 24. Bf1 Nd3 25. h4 0-1

[Event "11th Mikhail Chigorin Memorial"]
[Site "Sochi URS"]
[Date "1976.??.??"]
[Round "6"]
[White "Krogius, Nikolai"]
[Black "Kuzmin, Gennady"]
[WhiteElo "2570"]
[BlackElo "2215"]
[Result "1/2-1/2"]
[EventDate "1976.08.28"]
[PlyCount "25"]

1. d4 Nf6 2. c4 e6 3. Nf3 b6 4. g3 Bb7 5. Bg2 Be7 6. O-O O-O 7. Nc3 Ne4 8. Nxe4 Bxe4 9. Ne1 d5 10. Qa4 Qd7 11. Qxd7 Nxd7 12. cxd5 Bxd5 13. Nd3 1/2-1/2

[Event "11th Mikhail Chigorin Memorial"]
[Site "Sochi URS"]
[Date "1976.??.??"]
[Round "8"]
[White "Ree, Hans"]
[Black "Sveshnikov, Evgeny"]
[WhiteElo "2420"]
[BlackElo "2510"]
[Result "1/2-1/2"]
[EventDate "1976.08.28"]
[PlyCount "56"]

1. c4 e6 2. Nc3 d5 3. cxd5 exd5 4. d4 c6 5. Bf4 Bf5 6. e3 Qb6 7. Qd2 Nf6 8. Nge2 Be7 9. Ng3 Bg6 10. h4 h5 11. O-O-O Nbd7 12. Bd3 Bxd3 13. Qxd3 g6 14. Kb1 O-O-O 15. f3 Nf8 16. Nge2 Ne6 17. Be5 Rhe8 18. Rc1 Nc7 19. Rc2 Qa6 20. Nf4 Qxd3 21. Nxd3 Ng8 22. b4 Bd6 23. b5 f6 24. Bxd6 Rxd6 25. bxc6 bxc6 26. Nf4 Rxe3 27. Nxg6 Nh6 28. Nf4 Nf5 1/2-1/2

[Event "11th Mikhail Chigorin Memorial"]
[Site "Sochi URS"]
[Date "1976.??.??"]
[Round "9"]
[White "Kirov, Nino"]
[Black "Tseshkovsky, Vitaly"]
[WhiteElo "2485"]
[BlackElo "2550"]
[Result "1/2-1/2"]
[EventDate "1976.08.28"]
[PlyCount "29"]

1. Nf3 g6 2. d4 Nf6 3. g3 Bg7 4. Bg2 O-O 5. O-O d6 6. c4 c6 7. Nc3 Qa5 8. e4 e5 9. h3 Nbd7 10. Be3 exd4 11. Nxd4 Re8 12. Qc2 Nb6 13. b3 Bd7 14. Rfd1 Rad8 15. Nde2 1/2-1/2

[Event "11th Mikhail Chigorin Memorial"]
[Site "Sochi URS"]
[Date "1976.??.??"]
[Round "10"]
[White "Polugaevsky, Lev"]
[Black "Adorjan, Andras"]
[WhiteElo "2635"]
[BlackElo "2510"]
[Result "1-0"]
[EventDate "1976.08.28"]
[PlyCount "91"]

1. c4 g6 2. e4 e5 3. d4 Nf6 4. dxe5 Nxe4 5. Qd5 Bb4+ 6. Nd2 f5 7. exf6 Nxf6 8. Qd3 O-O 9. Be2 Re8 10. a3 Bf8 11. Ngf3 d5 12. cxd5 Bf5 13. Qc4 b5 14. Qxb5 c6 15. Qb3 Na6 16. d6+ Nd5 17. Qc4 Qxd6 18. Nd4 Bc8 19. O-O Nac7 20. N2f3 c5 21. Nb5 Nxb5 22. Qxb5 Bd7 23. Qc4 Rab8 24. Ng5 h6 25. Bf3 hxg5 26. Bxd5+ Be6 27. Bxe6+ Qxe6 28. Qa4 g4 29. Bd2 Qe4 30. Qxa7 Qc6 31. Qa5 Rxb2 32. Rae1 Re4 33. Bc3 Rb3 34. Rc1 Re8 35. Ba1 Re2 36. Qd8 g3 37. Qh4 gxh2+ 38. Kxh2 Rxa3 39. Qh8+ Kf7 40. Rce1 Raa2 41. Rb1 Rxf2 42. Rxf2+ Rxf2 43. Rb7+ Ke8 44. Qe5+ Kd8 45. Rb8+ Kd7 46. Qe8+ 1-0

[Event "11th Mikhail Chigorin Memorial"]
[Site "Sochi URS"]
[Date "1976.??.??"]
[Round "11"]
[White "Kirov, Nino"]
[Black "Geller, Efim"]
[WhiteElo "2485"]
[BlackElo "2620"]
[Result "1/2-1/2"]
[EventDate "1976.08.28"]
[PlyCount "31"]

1. Nf3 Nf6 2. c4 e6 3. g3 d5 4. d4 Be7 5. Bg2 O-O 6. O-O dxc4 7. Ne5 Nc6 8. Bxc6 bxc6 9. Nxc6 Qe8 10. Nxe7+ Qxe7 11. Qa4 e5 12. dxe5 Qxe5 13. Qxc4 Be6 14. Qc2 Bf5 15. Qc4 Be6 16. Qc2 1/2-1/2

[Event "11th Mikhail Chigorin Memorial"]
[Site "Sochi URS"]
[Date "1976.??.??"]
[Round "11"]
[White "Kuzmin, Gennady"]
[Black "Ree, Hans"]
[WhiteElo "2215"]
[BlackElo "2420"]
[Result "1/2-1/2"]
[EventDate "1976.08.28"]
[PlyCount "46"]

1. e4 c5 2. Nf3 e6 3. d4 cxd4 4. Nxd4 Nf6 5. Nc3 d6 6. Be2 Be7 7. O-O O-O 8. Be3 a6 9. f4 Qc7 10. a4 Nc6 11. Kh1 Re8 12. Qe1 Nxd4 13. Bxd4 e5 14. fxe5 dxe5 15. Qg3 Bd8 16. Be3 Kh8 17. a5 Be6 18. Rfd1 Bc8 19. Bf3 Be7 20. Bb6 Qb8 21. Qf2 Bb4 22. Na2 Be7 23. Nc3 Bb4 1/2-1/2

[Event "11th Mikhail Chigorin Memorial"]
[Site "Sochi URS"]
[Date "1976.??.??"]
[Round "13"]
[White "Adorjan, Andras"]
[Black "Geller, Efim"]
[WhiteElo "2510"]
[BlackElo "2620"]
[Result "0-1"]
[EventDate "1976.08.28"]
[PlyCount "92"]

1. e4 c5 2. Nf3 d6 3. d4 cxd4 4. Nxd4 Nf6 5. Nc3 Nc6 6. Bg5 e6 7. Qd2 a6 8. O-O-O h6 9. Bf4 Bd7 10. Nxc6 Bxc6 11. f3 d5 12. Qe1 Bb4 13. a3 Ba5 14. Be5 Nxe4 15. b4 Nxc3 16. Qxc3 f6 17. bxa5 fxe5 18. Qxe5 O-O 19. Qxe6+ Kh8 20. Bd3 Rf6 21. Qe1 Rf4 22. Qg3 Rf6 23. Qe1 b6 24. Qe5 bxa5 25. Rhe1 Qb6 26. Qe7 Rb8 27. Re6 Qb2+ 28. Kd2 Rxe6 29. Qxe6 Bb5 30. Qxd5 Qxa3 31. Ke3 Bxd3 32. Qxd3 Qc5+ 33. Ke2 a4 34. Kf1 a5 35. g3 Rc8 36. Ra1 Qb4 37. Kg2 Qb2 38. Rxa4 Rxc2+ 39. Kh3 Rxh2+ 40. Kg4 h5+ 41. Kf4 Qb8+ 42. Ke3 Qxg3 43. Re4 Qg5+ 44. Kd4 Qd8+ 45. Ke3 Qxd3+ 46. Kxd3 Ra2 0-1

[Event "11th Mikhail Chigorin Memorial"]
[Site "Sochi URS"]
[Date "1976.??.??"]
[Round "13"]
[White "Gheorghiu, Florin"]
[Black "Rashkovsky, Nukhim"]
[WhiteElo "2540"]
[BlackElo "2485"]
[Result "1/2-1/2"]
[EventDate "1976.08.28"]
[PlyCount "33"]

1. Nf3 Nf6 2. c4 b6 3. g3 Bb7 4. Bg2 e6 5. O-O Be7 6. d4 O-O 7. Nc3 Ne4 8. Qc2 Nxc3 9. Qxc3 Be4 10. b3 d5 11. Bb2 Nd7 12. cxd5 exd5 13. Rac1 Bd6 14. Rfd1 Re8 15. e3 Qf6 16. Ne1 Bxg2 17. Kxg2 1/2-1/2

[Event "11th Mikhail Chigorin Memorial"]
[Site "Sochi URS"]
[Date "1976.??.??"]
[Round "13"]
[White "Krogius, Nikolai"]
[Black "Zakharov, Alexander"]
[WhiteElo "2570"]
[BlackElo "2435"]
[Result "1/2-1/2"]
[EventDate "1976.08.28"]
[PlyCount "36"]

1. Nf3 g6 2. d4 Bg7 3. c4 Nf6 4. g3 c5 5. Bg2 Qa5+ 6. Nbd2 cxd4 7. Nxd4 Nc6 8. N4b3 Qa4 9. c5 b6 10. O-O O-O 11. Nf3 bxc5 12. Nxc5 Qb5 13. Nd3 Rb8 14. Bd2 Ne4 15. Be3 d6 16. Rc1 Bb7 17. Nd2 Nxd2 18. Qxd2 a5 1/2-1/2

[Event "11th Mikhail Chigorin Memorial"]
[Site "Sochi URS"]
[Date "1976.??.??"]
[Round "13"]
[White "Polugaevsky, Lev"]
[Black "Tseshkovsky, Vitaly"]
[WhiteElo "2635"]
[BlackElo "2550"]
[Result "1/2-1/2"]
[EventDate "1976.08.28"]
[PlyCount "31"]

1. Nf3 Nf6 2. g3 g6 3. Bg2 Bg7 4. O-O O-O 5. d4 d5 6. c4 c6 7. Nbd2 Bf5 8. b3 Ne4 9. Bb2 Qa5 10. Qe1 Nxd2 11. Qxd2 Qxd2 12. Nxd2 Rd8 13. e3 Na6 14. cxd5 cxd5 15. Ba3 Bf8 16. Rfc1 1/2-1/2

[Event "11th Mikhail Chigorin Memorial"]
[Site "Sochi URS"]
[Date "1976.??.??"]
[Round "14"]
[White "Jansa, Vlastimil"]
[Black "Kirov, Nino"]
[WhiteElo "2490"]
[BlackElo "2485"]
[Result "1/2-1/2"]
[EventDate "1976.08.28"]
[PlyCount "44"]

1. Nf3 Nf6 2. c4 g6 3. Nc3 Bg7 4. e4 c5 5. d4 cxd4 6. Nxd4 Nc6 7. Be3 Ng4 8. Qxg4 Nxd4 9. Qd1 Ne6 10. Rc1 Qa5 11. Qd2 b6 12. Bd3 Bb7 13. f3 Be5 14. O-O Bd6 15. f4 O-O 16. e5 Bc5 17. Kh1 f5 18. exf6 Rxf6 19. Be4 Bxe3 20. Qxe3 Bxe4 21. Qxe4 Raf8 22. g3 R6f7 1/2-1/2

[Event "11th Mikhail Chigorin Memorial"]
[Site "Sochi URS"]
[Date "1976.??.??"]
[Round "14"]
[White "Sveshnikov, Evgeny"]
[Black "Kuzmin, Gennady"]
[WhiteElo "2510"]
[BlackElo "2215"]
[Result "1/2-1/2"]
[EventDate "1976.08.28"]
[PlyCount "32"]

1. e4 c5 2. Nf3 e6 3. c3 d5 4. e5 Nc6 5. d4 Qb6 6. a3 a5 7. Bd3 Nh6 8. O-O Bd7 9. dxc5 Bxc5 10. Bxh6 gxh6 11. Qd2 a4 12. c4 dxc4 13. Bxc4 Na5 14. Ba2 Bc6 15. Nc3 Nb3 16. Bxb3 Qxb3 1/2-1/2